<?xml version="1.0" encoding="UTF-8"?>
<record
    xmlns:xsi="http://www.w3.org/2001/XMLSchema-instance"
    xsi:schemaLocation="http://www.loc.gov/MARC21/slim http://www.loc.gov/standards/marcxml/schema/MARC21slim.xsd"
    xmlns="http://www.loc.gov/MARC21/slim">

  <leader>04659nac a22002651u 4500</leader>
  <datafield tag="010" ind1=" " ind2=" ">
    <subfield code="a">  2001271711</subfield>
  </datafield>
  <datafield tag="020" ind1=" " ind2=" ">
    <subfield code="a">0072127821</subfield>
  </datafield>
  <datafield tag="035" ind1=" " ind2=" ">
    <subfield code="a">(OCoLC)ocm45314536</subfield>
  </datafield>
  <datafield tag="082" ind1=" " ind2=" ">
    <subfield code="a">658.8120285</subfield>
    <subfield code="b">GRE</subfield>
  </datafield>
  <datafield tag="090" ind1=" " ind2=" ">
    <subfield code="c">8394</subfield>
    <subfield code="d">8394</subfield>
  </datafield>
  <datafield tag="100" ind1=" " ind2=" ">
    <subfield code="a">Greenberg, Paul.             </subfield>
  </datafield>
  <datafield tag="245" ind1="1" ind2="0">
    <subfield code="a">CRM at the speed of light :capturing and keeping customers in Internet real time /</subfield>
    <subfield code="b">capturing and keeping customers in Internet real time /</subfield>
    <subfield code="c">Paul Greenberg.</subfield>
  </datafield>
  <datafield tag="260" ind1=" " ind2=" ">
    <subfield code="a">Berkeley, Calif. :</subfield>
    <subfield code="b">Osborne,2001.</subfield>
    <subfield code="c">c2001.</subfield>
  </datafield>
  <datafield tag="300" ind1=" " ind2=" ">
    <subfield code="a">xxiii, 360 p. :</subfield>
    <subfield code="b">ill. ;</subfield>
    <subfield code="c">23 cm.</subfield>
  </datafield>
  <datafield tag="500" ind1=" " ind2=" ">
    <subfield code="a">Includes index.</subfield>
  </datafield>
  <datafield tag="500" ind1=" " ind2=" ">
    <subfield code="a">Distributer: Al-Ahram</subfield>
  </datafield>
  <datafield tag="505" ind1="8" ind2=" ">
    <subfield code="a">Machine generated contents note: Chapter 1 What Is CRM, Really?1 -- What Is a Customer?3 -- How Do We Define CRM? Let Me Count the Ways4 -- What Is CRM Technology39 -- Customer Lifecycle42 -- Customer Interaction43 -- Chapter2 Putting thee"in eClRM 45 -- CRM and eCRM: Whats Different? 46 -- The Web Experience47 -- The Features of eCRM50 -- Is eCRM Really Separate?59 -- Chapter 3 SalesManageinent versus CRM 61 -- CA9M Is Not Sales Management 62 Chapter 4 Sales Force Automation: Good Products Aren't Enough 65 -- Acquiring Customers Means Keeping Them66 -- Sales Force Automation: The Purpose67 -- The Biggest Barrier to Successful SFA 69 -- Sales Force Automation: Functionality71 -- Sales Force Automation: The Technology 76 -- Who's On First?I81 -- SFA.com92 -- The Verticalization of SFA? 96 -- The SFA Return on Investment (ROI) 99 -- SFA on the Move: The New Economy's Mobile -- Sales Force100 -- Chapter 5 Marketing Automation Isn't Automatic 103 -- The Core Belief: Embedded Permission Marketing105 -- Enterprise Marketing Automation (EMA): -- The Market106 -- Components of Enterprise Marketing Automation107 -- EMA Components115 -- Process Flow: EMA Campaign Implementation121 -- The Players and the Products126 -- Chapter 6 Going Global Gets Personal: Personalization and CRM 131 -- E-tail, Retail: What's the Difference?132 -- Personalization Is133 -- Personalization: The Technology Rules!135 -- Personalization in the Small: We're Going Wireless142 -- Other Companies Do These Things, Too145 -- How Personal Is Business?146 -- Chapter 7 Partner Relationship Management 147 -- Managing Your Partners150 -- PRM Is Not Just Sales Force Automation and -- a Partner151 -- PRM Means Partner Network151 -- Assessing PRM152 -- The Technology: Who's Who and What's What -- in PRM157 -- eCRM with Limited PRM Functionality161 -- Chapter 8 The CRM Rainbow: Beyond the Traditional CRM 163 -- Verticalization: Business to Business164 -- eCRM as a Platform: xRM172 -- eCRM Lite173 -- Mail Management Solutions174 -- Hypercoordination175 -- Other Interesting Products176 -- Chapter 9 Call Centers Mean Customer Interaction177 -- The Functionality179 -- The Technology180 -- The Measurements189 -- Who Handles the Calls?190 -- Chapter 10 The Sandbox Playmates 197 -- Simply the Best 1 199 -- Check Out the Lists231 -- Chapter 11 ERP Says Hello to CRM 235 -- Enterprise Resource Planning 236 -- Chapter 12 Why Does Your Company Need CRM? 247 -- Customer Lifecycle Management (CLM) 248 -- Convincing the Stakeholders 251 -- Chapter,13' There Really Is Value to You and Yours: -- CRM/eCRM Service Offerings 267 -- The Choices 270 -- Chapter 14 Implementing CRM: Easy as 1,2,3,4, 5, 6, and so on 281 -- The Caveats of Implementation282 -- The Implementation282 -- Chapter 15 The Host with the Most:Application Service -- Providers and CRM 303 -- ASP in a Nutshell 304 -- Break Out Your Bell-bottoms, the '70s Are Back!304 -- Types of ASPs308 -- Watch Out for the NASPs!311 -- ASPs a Passing Fad or Here to Stay?312 -- Chapter 16 The Future's Not Hard to See 315 -- Wireless Is More 316 -- The Voice of eCRM320 -- XML + eCRM = CPExchange 324 -- Globalization Is Really Personal327 -- ROI: Changes That Meet the Future331 -- Online Can Be Cost-Free-If You Want It That Way333 -- Appendix A Places to Go: Websites That Make It Worth It 335 -- eCRM Communities 336 -- Other Websites 342 -- Appendix B Customer Lifetime Value 343 -- Customer Value Model, a Primer345 -- Balancing Responsiveness and Profits: Customer -- Value Model Case Study347 -- Index 351.</subfield>
  </datafield>
  <datafield tag="511" ind1=" " ind2=" ">
    <subfield code="a">Catalogued by: Sara</subfield>
  </datafield>
  <datafield tag="650" ind1=" " ind2="0">
    <subfield code="a">Customer relations</subfield>
    <subfield code="x">Management.</subfield>
  </datafield>
  <datafield tag="650" ind1=" " ind2="0">
    <subfield code="a">Electronic commerce.</subfield>
  </datafield>
  <datafield tag="856" ind1="4" ind2="2">
    <subfield code="3">Publisher description</subfield>
    <subfield code="u">http://www.loc.gov/catdir/description/mh021/2001271711.html</subfield>
  </datafield>
  <datafield tag="856" ind1="4" ind2="2">
    <subfield code="3">Table of Contents</subfield>
    <subfield code="u">http://www.loc.gov/catdir/toc/fy02/2001271711.html</subfield>
  </datafield>
  <datafield tag="856" ind1="4" ind2="2">
    <subfield code="3">Contributor biographical information</subfield>
    <subfield code="u">http://www.loc.gov/catdir/enhancements/fy0707/2001271711-b.html</subfield>
  </datafield>
  <datafield tag="942" ind1=" " ind2=" ">
    <subfield code="c">BB</subfield>
    <subfield code="k">658.8120285GRE</subfield>
  </datafield>
  <datafield tag="999" ind1=" " ind2=" ">
    <subfield code="c">8394</subfield>
    <subfield code="d">8394</subfield>
  </datafield>
  <datafield tag="952" ind1=" " ind2=" ">
    <subfield code="0">0</subfield>
    <subfield code="1">0</subfield>
    <subfield code="4">0</subfield>
    <subfield code="7">0</subfield>
    <subfield code="a">MAIN</subfield>
    <subfield code="b">MAIN</subfield>
    <subfield code="c">1ST</subfield>
    <subfield code="d">2008-03-06</subfield>
    <subfield code="e">Purchase</subfield>
    <subfield code="l">2</subfield>
    <subfield code="m">34</subfield>
    <subfield code="o">658.8120285GRE</subfield>
    <subfield code="p">000010167</subfield>
    <subfield code="r">2025-07-15 00:00:00</subfield>
    <subfield code="s">2016-03-14</subfield>
    <subfield code="y">BB</subfield>
  </datafield>
</record>
